Statistics for Movies by First Sentence of Wikipedia Plot Synopsis

Click here to take the quiz!

General Stats

  • This quiz has been taken 74 times
    (67 since last reset)
  • The average score is 8 of 15

Answer Stats

HintAnswer% Correct
"Amid a galactic civil war, Rebel Alliance spies have stolen plans to the Galactic Empire's Death Star, a massive space station capable of destroying entire planets."Star Wars: Episode IV - A New Hope
95%
"In the Second Age of Middle-earth, the lords of Elves, Dwarves, and Men are given Rings of Power."The Lord of the Rings: The Fellowship of the RIng
95%
"One day, a group of living toys are preparing to move into a new house with their owner Andy Davis, his sister Molly and their single mother."Toy Story
88%
"An enchantress disguised as a beggar woman visits a castle and offers an enchanted rose to a cruel and selfish prince in exchange for shelter from a storm."Beauty and the Beast
74%
"In the New England beach town of Amity Island, a young woman goes for a late-night ocean swim during a beach party."Jaws
70%
"In Kraków during World War II, the Nazis force local Polish Jews into the overcrowded Kraków Ghetto."Schindler's List
61%
"The Asgardian Loki encounters the Other, the leader of an extraterrestrial race known as the Chitauri."The Avengers
54%
"At an abandoned hotel, a police squad corners Trinity, who overpowers them with superhuman abilities."The Matrix
47%
"In the overheated jury room of the New York County Courthouse, a jury prepares to deliberate the case of an impoverished 18-year-old accused of stabbing his abusive father to death."12 Angry Men
42%
"Aliens secretly visit Earth at night to gather plant specimens in a California forest."E.T. the Extra-Terrestrial
40%
"Two men arrive separately in 1984 Los Angeles, having time traveled from 2029."The Terminator
40%
"The Narrator (who is not named in the movie) is a chronic insomniac who is unfulfilled both by his job as an automobile recall specialist and the material wealth it affords him."Fight Club
35%
"During a Friday afternoon tryst in a Phoenix hotel, real estate secretary Marion Crane and her boyfriend Sam Loomis discuss their inability to get married because of Sam's debts."Psycho
23%
"In 1586, a bandit gang discusses raiding a mountain village, but their chief decides to wait until after the harvest."Seven Samurai
12%
"In a fairy tale, Princess Moanna, whose father is the king of the underworld, visits the human world, where the sunlight blinds her and erases her memory."Pan's Labyrinth
7%

Score Distribution

Percentile by Number Answered

Percent of People with Each Score

Your Score History

You have not taken this quiz since the last reset